000 00845nam a2200289 i 4500
003 EG-GICUC
005 20260212131825.0
008 260212s1981 sz am||fr|||| 00| 0 eng d
020 _a923101639
040 _aEG-GiCUC
_beng
_cEG-GiCUC
_dEG-GiCUC
_erda
041 0 _aeng
082 0 4 _221
_a341.762
_bPR
092 0 4 _221
099 _aLaw1 11 341.762 PR 1981
245 0 0 _aProtection of the underwater heritage.
264 1 _aGeneve :
_bunesco,
_c1981.
300 _a200 pages :
_c24 cm
336 _2rda content
_atext
337 _2rda media
_aComputer
338 _2rda carrier
_aOnline Resource
504 _aIncludes bibliographical references.
546 _aText in English
650 1 4 _aPublic international law
856 4 0 _uhttps://fll.law.cu.edu.eg/fulltext/bks/B11-07877.pdf
905 _a48
942 _2ddc
_cBK
_e21
_n0
999 _c62790
_d62790